00936nam a22001937a 450000500170000000800410001702000180005803500090007604000090008524500690009425600250016326000700018830000280025850602800028665000220056671000480058874000380063685600680067420240305165347.0110923s2004 mx |||||s|||| 00||0 spa d a970-665-179-9 a5396 avLex00aGuía del dictámen de Seguro Socialh[Recurso electrónico]  aServicio en línea. a[México] :bInstituto Mexicano de Contadores Públicos,c2004. a1 recurso electrónico1 aContenido solo disponible en los productos indicadosdvLex GlobaldvLex Global (Academic Edition, excluding Law Schools)dvLex Global (U.S. Academic Edition, Law Schools)dvLex Global (U.S. Academic Edition, excluding Law Schools)dvLex Global (Academic Edition, Law Schools)04aSeguroszMéxico2 aInstituto Mexicano de Contadores Públicos0 avLex Libros (Servicio en línea)40uhttps://app.vlex.com/#/sources/guia-dictamen-seguro-social-5396